[Event "Muensterland Verbandsklasse-B 1112"]
[Site "Germany"]
[Date "2011.10.08"]
[Round "2.8"]
[White "Kloster, Daniel"]
[Black "Vanoni, Werner"]
[Result "1/2-1/2"]
[WhiteElo "1593"]
[BlackElo "1660"]
[PlyCount "38"]
[EventDate "2011.09.17"]
[EventType "team-tourn"]
[EventRounds "9"]
[EventCountry "GER"]
[SourceTitle "EXT 2013"]
[Source "ChessBase"]
[SourceDate "2012.11.22"]
[SourceVersion "1"]
[SourceVersionDate "2012.11.22"]
[SourceQuality "1"]
[WhiteTeam "Stadtlohn"]
[BlackTeam "Nienberge II"]
[WhiteTeamCountry "GER"]
[BlackTeamCountry "GER"]

1. d4 d5 2. Nf3 Nf6 3. Bf4 e6 4. e3 Bd6 5. Bxd6 Qxd6 6. Nc3 a6 7. Be2 Nc6 8. 0-0 0-0 9. h3 e5 10. dxe5 Nxe5 11. Nxe5 Qxe5 12. Bf3 c6 13. Qd4 Qxd4 14. exd4 Bf5 15. Rac1 Rfe8 16. g4 Be4 17. Bxe4 Nxe4 18. Nxe4 Rxe4 19. Rfd1 Rae8 1/2-1/2

[Event "Muensterland Verbandsklasse-A 1011"]
[Site "Germany"]
[Date "2011.03.12"]
[Round "8.6"]
[White "Vanoni, Werner"]
[Black "Binger, Friedhelm"]
[Result "0-1"]
[WhiteElo "1679"]
[BlackElo "1766"]
[PlyCount "52"]
[EventDate "2010.09.18"]
[EventType "team-tourn"]
[EventRounds "9"]
[EventCountry "GER"]
[SourceTitle "EXT 2012"]
[Source "ChessBase"]
[SourceDate "2011.11.24"]
[SourceVersion "1"]
[SourceVersionDate "2011.11.24"]
[SourceQuality "1"]
[WhiteTeam "Nienberge II"]
[BlackTeam "Gronau"]
[WhiteTeamCountry "GER"]
[BlackTeamCountry "GER"]

1. e4 e5 2. Nf3 Nc6 3. Bb5 a6 4. Ba4 Nf6 5. Nc3 b5 6. Bb3 Be7 7. d3 0-0 8. 0-0 d6 9. h3 Na5 10. Nd5 Nxd5 11. Bxd5 c6 12. Bb3 Nxb3 13. axb3 f5 14. exf5 Bxf5 15. Be3 Qe8 16. Kh1 Qg6 17. g4 Bc8 18. Nh2 Bb7 19. Kg1 Rf7 20. d4 exd4 21. Bxd4 c5 22. Bc3 Raf8 23. Qe2 Qh6 24. Qd3 Rf3 25. Nxf3 Rxf3 26. Qe2 Rxh3 0-1

[Event "Muensterland Verbandsklasse-A 0405"]
[Site "Muensterland"]
[Date "2004.09.11"]
[Round "1.7"]
[White "Fehlings, Gerd"]
[Black "Vanoni, Werner"]
[Result "1/2-1/2"]
[WhiteElo "1728"]
[BlackElo "1672"]
[PlyCount "72"]
[EventDate "2004.09.11"]
[EventType "team"]
[EventRounds "9"]
[EventCountry "GER"]
[SourceTitle "EXT 2006"]
[Source "ChessBase"]
[SourceDate "2005.11.24"]
[SourceVersion "1"]
[SourceVersionDate "2005.11.24"]
[SourceQuality "1"]
[WhiteTeam "Emsdetten"]
[BlackTeam "Nienberge"]
[WhiteTeamCountry "GER"]
[BlackTeamCountry "GER"]

1. d4 d5 2. Nf3 e6 3. e3 c5 4. Bd3 Nc6 5. c3 Nf6 6. Nbd2 Be7 7. Qe2 0-0 8. dxc5 Bxc5 9. e4 Re8 10. 0-0 h6 11. e5 Nd7 12. Nb3 Bb6 13. Bf4 Nc5 14. Nxc5 Bxc5 15. Bc2 f5 16. h4 Bd7 17. b4 Bb6 18. a4 a5 19. b5 Ne7 20. h5 Rc8 21. Bd2 Qc7 22. Bb3 Rf8 23. Rac1 Be8 24. Nd4 Bf7 25. f4 Rfd8 26. Kh2 Qd7 27. Rg1 Bxd4 28. cxd4 Rxc1 29. Rxc1 b6 30. Rg1 Qe8 31. Bd1 Rc8 32. Rf1 Kh8 33. Rh1 Rc4 34. Be3 Rc3 35. Bd2 Rc4 36. Be3 Rc3 1/2-1/2